[Event "SRB-chT (Women)"]
[Site "Kragujevac"]
[Date "2015.08.22"]
[Round "3.1"]
[White "Djakovic, Nevena"]
[Black "Voiska, Margarita"]
[Result "0-1"]
[WhiteElo "1578"]
[BlackElo "2328"]
[PlyCount "38"]
[EventDate "2015.08.20"]
[EventType "team-tourn"]
[EventRounds "11"]
[EventCountry "SRB"]
[SourceTitle "EXT 2016"]
[Source "ChessBase"]
[SourceDate "2015.10.08"]
[SourceVersion "1"]
[SourceVersionDate "2015.10.08"]
[SourceQuality "1"]
[WhiteTeam "Belgrade Radnicki (W)"]
[BlackTeam "Nova Varos Zlatar (W)"]
[WhiteTeamCountry "SRB"]
[BlackTeamCountry "SRB"]

1. e4 c5 2. Nf3 Nc6 3. d4 cxd4 4. Nxd4 e5 5. Nb3 Bb4+ 6. c3 Be7 7. Be3 Nf6 8. N1d2 d5 9. Qc2 d4 10. cxd4 exd4 11. Bg5 Nb4 12. Bb5+ Bd7 13. Bxd7+ Qxd7 14. Qd1 Qb5 15. Bxf6 Nd3+ 16. Kf1 Nf4+ 17. Kg1 Ne2+ 18. Kf1 Nc3+ 19. Ke1 Nxd1 0-1

[Event "SRB-chT (Women)"]
[Site "Kragujevac"]
[Date "2015.08.21"]
[Round "2.4"]
[White "Manakova, Maria"]
[Black "Djakovic, Nevena"]
[Result "1-0"]
[WhiteElo "2288"]
[BlackElo "1578"]
[PlyCount "61"]
[EventDate "2015.08.20"]
[EventType "team-tourn"]
[EventRounds "11"]
[EventCountry "SRB"]
[SourceTitle "EXT 2016"]
[Source "ChessBase"]
[SourceDate "2015.10.08"]
[SourceVersion "1"]
[SourceVersionDate "2015.10.08"]
[SourceQuality "1"]
[WhiteTeam "Belgrade Rad (W)"]
[BlackTeam "Belgrade Radnicki (W)"]
[WhiteTeamCountry "SRB"]
[BlackTeamCountry "SRB"]

1. e4 e5 2. Nf3 Nc6 3. Bc4 Bc5 4. c3 Nf6 5. d3 d6 6. 0-0 Bg4 7. Nbd2 0-0 8. h3 Bh5 9. Re1 Re8 10. Nf1 h6 11. Bb3 Qd7 12. Ng3 Bg6 13. Nh4 Kh7 14. Qf3 Ne7 15. Bd2 a5 16. Rad1 a4 17. Bc2 b5 18. Bc1 Qc6 19. a3 Rf8 20. Bb1 Ba7 21. d4 Nd7 22. Ba2 Rae8 23. Kh2 Ng8 24. Bd5 Qb6 25. Be3 Qb8 26. Bc6 Rd8 27. Bxd7 Rxd7 28. dxe5 Re7 29. Bxa7 Qxa7 30. Nxg6 Kxg6 31. Qf5# 1-0

[Event "SRB-chT (Women)"]
[Site "Kragujevac"]
[Date "2015.08.20"]
[Round "1.2"]
[White "Djakovic, Nevena"]
[Black "Bojkovic, Natasa"]
[Result "0-1"]
[WhiteElo "1578"]
[BlackElo "2404"]
[PlyCount "46"]
[EventDate "2015.08.20"]
[EventType "team-tourn"]
[EventRounds "11"]
[EventCountry "SRB"]
[SourceTitle "EXT 2016"]
[Source "ChessBase"]
[SourceDate "2015.10.08"]
[SourceVersion "1"]
[SourceVersionDate "2015.10.08"]
[SourceQuality "1"]
[WhiteTeam "Belgrade Radnicki (W)"]
[BlackTeam "Belgrade BAS (W)"]
[WhiteTeamCountry "SRB"]
[BlackTeamCountry "SRB"]

1. e4 c5 2. Nf3 e6 3. d4 cxd4 4. Nxd4 a6 5. Be3 Nf6 6. f3 Qc7 7. c4 d5 8. exd5 exd5 9. Qb3 Bd6 10. g3 0-0 11. Nc3 Nc6 12. Nxd5 Nxd5 13. cxd5 Nxd4 14. Bxd4 Bf5 15. Qc3 Qe7+ 16. Kf2 Rac8 17. Qe3 Rc2+ 18. Kg1 Qxe3+ 19. Bxe3 Rxb2 20. Bc4 b5 21. Bb3 Bh3 22. Bf2 Re8 23. Be1 Bc5+ 0-1

[Event "SRB-ch U18 Girls"]
[Site "Vrbas"]
[Date "2015.04.14"]
[Round "8"]
[White "Djakovic, Nevena"]
[Black "Gagic, Andrea Aleksandra"]
[Result "1-0"]
[WhiteElo "1482"]
[BlackElo "1623"]
[PlyCount "55"]
[EventDate "2015.04.09"]
[EventType "swiss"]
[EventRounds "9"]
[EventCountry "SRB"]
[SourceTitle "EXT 2016"]
[Source "ChessBase"]
[SourceDate "2015.10.08"]
[SourceVersion "1"]
[SourceVersionDate "2015.10.08"]
[SourceQuality "1"]

1. e4 c5 2. Nf3 e6 3. d4 cxd4 4. Nxd4 a6 5. Be3 d6 6. Nc3 Nf6 7. f3 Be7 8. Qd2 Nbd7 9. 0-0-0 0-0 10. g4 b5 11. Nc6 Qe8 12. Nxe7+ Qxe7 13. Qxd6 Qxd6 14. Rxd6 b4 15. Na4 a5 16. Be2 Ne8 17. Rd2 Rb8 18. Rhd1 Nc7 19. Nc5 Nb6 20. Bf4 Nba8 21. Nb3 a4 22. Nc5 a3 23. bxa3 bxa3 24. Rd3 Rb6 25. Rxa3 Rc6 26. Nd7 Bxd7 27. Rxd7 Rc8 28. Rad3 1-0

[Event "SRB-ch U18 Girls"]
[Site "Subotica"]
[Date "2014.04.23"]
[Round "9"]
[White "Djakovic, Nevena"]
[Black "Milutinovic, Stefana"]
[Result "0-1"]
[WhiteElo "1469"]
[BlackElo "2035"]
[PlyCount "86"]
[EventDate "2014.04.17"]
[EventType "swiss"]
[EventRounds "9"]
[EventCountry "SRB"]
[SourceTitle "CBM 160 Extra"]
[Source "ChessBase"]
[SourceDate "2014.07.01"]
[SourceVersion "1"]
[SourceVersionDate "2014.07.01"]
[SourceQuality "1"]

1. e4 c5 2. Nf3 d6 3. d4 cxd4 4. Nxd4 Nf6 5. Nc3 a6 6. f3 e5 7. Nb3 Be7 8. Be3 Be6 9. Qd2 0-0 10. 0-0-0 Nbd7 11. g4 b5 12. h4 Nb6 13. g5 Nh5 14. Bh3 Nc4 15. Qf2 Nxe3 16. Qxe3 Bxh3 17. Rxh3 Nf4 18. Rh2 Qc7 19. Nd5 Nxd5 20. Rxd5 Rab8 21. Rg2 a5 22. h5 a4 23. Nd2 Rfc8 24. Nb1 b4 25. Qd3 b3 26. axb3 axb3 27. c3 Qd7 28. Rg4 Qd8 29. g6 hxg6 30. hxg6 fxg6 31. Rxg6 Qe8 32. Rg4 Qh5 33. Ra5 Bg5+ 34. Kd1 Qh1+ 35. Ke2 Qh2+ 36. Kf1 Qxb2 37. Rg2 Qc1+ 38. Kf2 Bh4+ 39. Rg3 Qc2+ 40. Qd2 Qxd2+ 41. Nxd2 Rxc3 42. Ra7 Bxg3+ 43. Kxg3 b2 0-1

[Event "SRB-ch U16 Girls"]
[Site "Vrnjacka Banja"]
[Date "2013.05.03"]
[Round "5"]
[White "Djakovic, Nevena"]
[Black "Gagic, Andrea Aleksandra"]
[Result "1-0"]
[WhiteElo "1439"]
[BlackElo "1574"]
[PlyCount "51"]
[EventDate "2013.04.30"]
[EventType "swiss"]
[EventRounds "9"]
[EventCountry "SRB"]
[SourceTitle "CBM 154 Extra"]
[Source "ChessBase"]
[SourceDate "2013.06.25"]
[SourceVersion "2"]
[SourceVersionDate "2013.06.25"]
[SourceQuality "1"]

1. e4 e5 2. Nf3 Nc6 3. Bc4 Bc5 4. c3 Nf6 5. d4 exd4 6. cxd4 Bb4+ 7. Nc3 Nxe4 8. 0-0 Bxc3 9. d5 Bf6 10. Re1 Ne7 11. Rxe4 d6 12. Bg5 Bxg5 13. Nxg5 0-0 14. Nxh7 Kxh7 15. Qh5+ Kg8 16. Rh4 f5 17. Be2 Bd7 18. Qh7+ Kf7 19. Rh6 Ng6 20. Bh5 Kf6 21. Qxg6+ Ke5 22. Qxg7+ Kxd5 23. Bf3+ Kc5 24. Qc3+ Kb6 25. Qb4+ Ka6 26. Bxb7# 1-0

[Event "SRB-ch U16 Girls"]
[Site "Vrnjacka Banja"]
[Date "2013.05.01"]
[Round "3"]
[White "Djakovic, Nevena"]
[Black "Rakic, Teodora"]
[Result "0-1"]
[WhiteElo "1439"]
[BlackElo "1842"]
[PlyCount "106"]
[EventDate "2013.04.30"]
[EventType "swiss"]
[EventRounds "9"]
[EventCountry "SRB"]
[SourceTitle "CBM 154 Extra"]
[Source "ChessBase"]
[SourceDate "2013.06.25"]
[SourceVersion "2"]
[SourceVersionDate "2013.06.25"]
[SourceQuality "1"]

1. e4 g6 2. d4 Bg7 3. f4 c6 4. Nc3 d5 5. e5 h5 6. Nf3 Bg4 7. h3 Bxf3 8. Qxf3 e6 9. Be3 Nh6 10. Bd3 Nf5 11. Bxf5 gxf5 12. 0-0-0 Nd7 13. g4 Nf8 14. Rdg1 Ng6 15. gxh5 Nh4 16. Qe2 Bh6 17. Nd1 Qe7 18. Nf2 0-0-0 19. Nd3 Rhg8 20. Rxg8 Rxg8 21. Rg1 Qd8 22. Rxg8 Qxg8 23. Qe1 Ng2 24. Qg1 Qg7 25. Ne1 Nxe1 26. Qxe1 b6 27. Qf2 Kd7 28. Kd2 Qg8 29. Kd3 Bf8 30. c4 dxc4+ 31. Kxc4 Bh6 32. b4 Kc7 33. Qh4 b5+ 34. Kc3 Qd8 35. Qxd8+ Kxd8 36. Kd3 Ke8 37. Ke2 Bf8 38. a3 Be7 39. d5 exd5 40. Bxa7 Kf8 41. Kd3 Kg7 42. Kd4 Kh6 43. Bc5 Bxc5+ 44. Kxc5 Kxh5 45. Kd4 Kh4 46. Ke3 Kxh3 47. Kf3 Kh4 48. Ke2 Kg4 49. Ke3 Kg3 50. Kd4 Kxf4 51. Kd3 Kxe5 52. Ke3 d4+ 53. Kd3 Kd5 0-1

[Event "SRB Kadetski festival U16 Girls 6th"]
[Site "Vrnjacka Banja"]
[Date "2012.04.14"]
[Round "7"]
[White "Tomin, Ksenija"]
[Black "Djakovic, Nevena"]
[Result "1-0"]
[WhiteElo "1876"]
[BlackElo "1403"]
[PlyCount "53"]
[EventDate "2012.04.10"]
[EventType "swiss"]
[EventRounds "9"]
[EventCountry "SRB"]
[SourceTitle "CBM 148 Extra"]
[Source "ChessBase"]
[SourceDate "2012.06.22"]
[SourceVersion "1"]
[SourceVersionDate "2012.06.22"]
[SourceQuality "1"]

1. e4 e5 2. Nf3 Nc6 3. Bc4 Bc5 4. c3 Nf6 5. d3 d5 6. exd5 Nxd5 7. 0-0 0-0 8. Re1 Qd6 9. Nbd2 Bf5 10. Nh4 Be6 11. Ne4 Qe7 12. Nf3 Bb6 13. Neg5 Rad8 14. Qe2 f6 15. Nxe6 Qxe6 16. a4 a5 17. Be3 Bxe3 18. fxe3 e4 19. dxe4 Qxe4 20. Nd2 Qe5 21. e4 Nce7 22. exd5 Qxe2 23. Rxe2 Nxd5 24. Ne4 Rfe8 25. Bxd5+ Rxd5 26. Nxf6+ gxf6 27. Rxe8+ 1-0

[Event "SRB-ch U14 Girls"]
[Site "Kragujevac"]
[Date "2011.04.27"]
[Round "5"]
[White "Kecskemeti, Krisztina"]
[Black "Djakovic, Nevena"]
[Result "0-1"]
[WhiteElo "1683"]
[BlackElo "1380"]
[PlyCount "72"]
[EventDate "2011.04.24"]
[EventType "swiss"]
[EventRounds "9"]
[EventCountry "SRB"]
[SourceTitle "EXT 2019"]
[Source "ChessBase"]
[SourceDate "2018.10.10"]
[SourceVersion "1"]
[SourceVersionDate "2018.10.10"]
[SourceQuality "1"]

1. d4 Nf6 2. c4 e6 3. Nc3 Bb4 4. Bd2 d5 5. e3 0-0 6. Nf3 b6 7. Be2 Bb7 8. 0-0 Nbd7 9. Rc1 c5 10. dxc5 Nxc5 11. Nxd5 Bxd2 12. Nxf6+ Qxf6 13. Qxd2 e5 14. Qc3 Rfe8 15. Rfd1 Re6 16. b4 Ne4 17. Qc2 Qf5 18. Bd3 Rh6 19. Bxe4 Bxe4 20. Qd2 Rf8 21. Ne1 Qg4 22. f3 Qh5 23. h3 Bf5 24. Kf1 e4 25. Qf2 Rf6 26. f4 g5 27. Qe2 Qh4 28. Qf2 Qh5 29. Rd5 gxf4 30. Qxf4 Qg6 31. h4 h6 32. Kg1 Be6 33. Qd6 Bxd5 34. Qxd5 Qg4 35. Qe5 Qxh4 36. Rc2 Qxe1+ 0-1